000
00283nas a2200121Ia 4500
008
150201s2011 xx 000 0 und d
245
_a
Indian Journal of Human Genetics
260
_c
2011
310
_a
Half Yearly
500
_a
NATIONAL
650
_a
Human Anatomy
942
_2
ddc
_c
LJ
999
_c
6173
_d
6173